Central Library OPAC University of Rajshahi

Studies in Islamic culture in the Indian environment / (Record no. 25045)

MARC details
000 -LEADER
fixed length control field 00723nam a22002411a 4500
001 - CONTROL NUMBER
control field 25045
003 - CONTROL NUMBER IDENTIFIER
rucl marc code BD-RjUL
005 - DATE AND TIME OF LATEST TRANSACTION
control field 20211209050825.0
008 - FIXED-LENGTH DATA ELEMENTS--GENERAL INFORMATION
fixed length control field 140316t19661964enk b 001 0 eng d
035 ## - SYSTEM CONTROL NUMBER
System control number (BD-RjUL)25114
040 ## - CATALOGING SOURCE
Original cataloging agency NUN
Language of cataloging eng
Transcribing agency NUN
Modifying agency ABN-SNR
-- BD-RjUL
041 ## - LANGUAGE CODE
Language code of text/sound track or separate title eng
082 04 - DEWEY DECIMAL CLASSIFICATION NUMBER
Classification number 297
Author mark and year AHS 1966
100 1# - MAIN ENTRY--PERSONAL NAME
Personal name Ahmad, Aziz.
9 (RLIN) 77042
245 10 - TITLE STATEMENT
Title Studies in Islamic culture in the Indian environment /
Statement of responsibility, etc. Aziz Ahmad.
260 ## - PUBLICATION, DISTRIBUTION, ETC. (IMPRINT)
Place of publication, distribution, etc. London :
Name of publisher, distributor, etc. O.U.P.,
Date of publication, distribution, etc. 1964 [Reprinted 1970].
300 ## - PHYSICAL DESCRIPTION
Pagination x, 311 p. :
Size 22 cm.
504 ## - BIBLIOGRAPHY, ETC. NOTE
Bibliography, etc Includes bibliographical references and index.
650 #0 - SUBJECT ADDED ENTRY--TOPICAL TERM
Topical term or geographic name as entry element Islamic civilization.
9 (RLIN) 844
Topical term or geographic name as entry element Islam
Geographic subdivision India.
9 (RLIN) 77043
Topical term or geographic name as entry element Muslims
Geographic subdivision India.
9 (RLIN) 2363
942 ## - ADDED ENTRY ELEMENTS (KOHA)
Source of classification or shelving scheme Dewey Decimal Classification
Koha item type Books
Holdings
Lost status Source of classification or shelving scheme Damaged status Not for loan Collection code Permanent Location Current Location Shelving location Date acquired Source of acquisition Cost, normal purchase price Total Checkouts Full call number Date last seen Copy number Koha item type Coded location qualifier
  Dewey Decimal Classification     Non-fiction Central Library, University of Rajshahi Central Library, University of Rajshahi   04/12/1967 Ideal Library. 25.00   297 AHS 1966 16/03/2014 C-4 Books  
  Dewey Decimal Classification     Non-fiction Central Library, University of Rajshahi Central Library, University of Rajshahi   04/12/1967 Ideal Library. 25.00   297 AHS 1966 16/03/2014 C-6 Books  
  Dewey Decimal Classification   Added to bundle Non-fiction Central Library, University of Rajshahi Central Library, University of Rajshahi Reading Room 06/12/1966 Royal Book co, 33.75   297 AHS 1964 16/03/2014 C-1 Books  
  Dewey Decimal Classification     Non-fiction Central Library, University of Rajshahi Central Library, University of Rajshahi   26/04/1967 Mirja Book 33.75   297 AHS 1964 16/03/2014 C-2 Books  
  Dewey Decimal Classification     Non-fiction Central Library, University of Rajshahi Central Library, University of Rajshahi   04/12/1967 India Govt 25.00   297 AHS 1966 16/03/2014 C-5 Books  
  Dewey Decimal Classification     Non-fiction Central Library, University of Rajshahi Central Library, University of Rajshahi   23/08/1973 Nowroze Kitabistar 25.50   297 AHS 1970 18/03/2014 C-9 Books  
  Dewey Decimal Classification     Non-fiction Central Library, University of Rajshahi Central Library, University of Rajshahi   04/12/1967   34.00   297 AHS 1964 18/03/2014 C-8 Books Mirza Book